Normal view MARC view
  • Singapore Mediation Convention

Entry Uniform Title

Number of records used in: 1

001 - CONTROL NUMBER

  • control field: 151290

003 - CONTROL NUMBER IDENTIFIER

  • control field: DLC

005 - DATE AND TIME OF LATEST TRANSACTION

  • control field: 20251226105549.0

008 - FIXED-LENGTH DATA ELEMENTS

  • fixed length control field: 200403n| azannaabn |a ana

010 ## - LIBRARY OF CONGRESS CONTROL NUMBER

  • LC control number: n 2020016964

035 ## - SYSTEM CONTROL NUMBER

  • System control number: (OCoLC)oca12869302

040 ## - CATALOGING SOURCE

  • Original cataloging agency: DLC
  • Language of cataloging: eng
  • Description conventions: rda
  • Transcribing agency: DLC
  • Modifying agency: OCoLC

130 #0 - HEADING--UNIFORM TITLE

  • Uniform title: Singapore Mediation Convention
  • Date of treaty signing: (2018 December 20)

380 ## - FORM OF WORK

  • Form of work: Treaties
  • Source of term: lcgft

430 #0 - SEE FROM TRACING--UNIFORM TITLE

  • Uniform title: Singapore Mediation Convention
  • Date of treaty signing: (2019 August 7)

430 #0 - SEE FROM TRACING--UNIFORM TITLE

  • Uniform title: United Nations Convention on International Settlement Agreements Resulting from Mediation
  • Date of treaty signing: (2018 December 20)

670 ## - SOURCE DATA FOUND

  • Source citation: The Singapore Convention on Mediation, 2019

670 ## - SOURCE DATA FOUND

  • Source citation: United Nations Commission on International Trade Law website, viewed 4/3/2020
  • Information found: ("United Nations Convention on International Settlement Agreements Resulting from Mediation (New York, 2018) (the "Singapore Convention on Mediation") Date of adoption: 20 December 2018 Open for signature: 7 August 2019 in Singapore and, thereafter, at the United Nations headquarters in New York. "; Title on pdf of text : United Nations Convention on International Settlement Agreements Resulting from Mediation; convention limited to commercial disputes)

670 ## - SOURCE DATA FOUND

  • Source citation: Wikipedia, viewed April 3, 2020
  • Information found: ("Singapore Medication Convention","formally the United Nations Convention on International Settlement Agreements Resulting from Mediation", not in force)
Devinim Yazılım Eğitim Danışmanlık tarafından Koha'nın orjinal sürümü uyarlanarak geliştirilip kurulmuştur.